Steven Spielberg Movies - Sudden Death - Statistics

General Stats
  • This quiz has been taken 199 times
    198 since last reset
  • The average score is 15 of 28
Answers on the Grid
Answers color-coded by a green-red scale on the quiz's grid according to % correct below.
An American Tail
Arachnophobia
Avatar
Back to the Future
Beetlejuice
Clue
E.T. the Extra-Terrestrial
Gremlins
Hook
Jaws 3-D
Jurassic Park
Jurassic World: Rebirth
Men in Black
Minions
Mrs. Doubtfire
Osmosis Jones
Poltergeist
Raiders of the Lost Ark
Ready Player One
Revenge of the Sith
RoboCop
Rocky
Saving Private Ryan
Scarface
Schindler's List
Shrek
The BFG
The Blues Brothers
The Color Purple (2023)
The Curious Case of Benjamin Button
The Fabelmans
The Goonies
The Land Before Time
The NeverEnding Story
The Princess Bride
The Secret Life of Walter Mitty
The Wolf of Wall Street
Titanic
Transformers (2007)
Trolls
Tropic Thunder
Twilight Zone: The Movie
Twister
West Side Story (1961)
 
Answer Stats
Answer % Correct
Spielberg directed and wrote the film. E.T. the Extra-Terrestrial
95%
Spielberg directed and produced the film. He originally offered the film to Tim Burton but later retracted his offer. Jurassic Park
94%
Spielberg directed and produced it. Saving Private Ryan
90%
Spielberg directed and produced this film the same year as Jurassic Park. Schindler's List
90%
Spielberg directed the 1st four Indiana Jones films. The only Indiana Jones film he didn't direct was The Dial of Destiny (2023) which he only produced. Raiders of the Lost Ark
83%
Directed and produced by him. Fun fact: George Lucas, Carrie Fisher and Glenn Close all make cameos in the film. Hook
70%
Directed and produced by him. Ready Player One
69%
Spielberg wrote the story for the film, produced it and made a cameo in a Cindy Lauper music video that was made for the film. The Goonies
69%
Spielberg produced both Gremlins films and the upcoming 3rd film. Gremlins
63%
Spielberg directed the 1st two Jurassic Park movies. He's produced all films since then. Jurassic World: Rebirth
62%
Directed, co-written and produced by him. It's a fictionalized version of his childhood. The Fabelmans
62%
Spielberg wrote and produced the film. Poltergeist
59%
An adaptation of the classic Roald Dahl book, directed and produced by Steven Spielberg in partnership with Walt Disney Pictures. The BFG
59%
This film is a remake of a 1985 movie that was directed by Spielberg. Spielberg produced the musical version as well. The Color Purple (2023)
57%
Spielberg and George Lucas produced the 1st film in the 16-film animated franchise. The Land Before Time
56%
Spielberg produced the entire Back to the Future trilogy. Back to the Future
55%
Spielberg produced the 1st 2 movies in the series. The last 2 were released direct to video and had no involvement from Spielberg. An American Tail
53%
Spielberg directed one scene in the film and produced it as well. Arachnophobia
48%
Spielberg directed one scene in the film. The NeverEnding Story
48%
Spielberg directed a segment of the film. Other directors on the film include John Landis and Joe Dante. Twilight Zone: The Movie
44%
Spielberg produced all 4 MIB movies. Men in Black
41%
Spielberg made a cameo in this classic 1980 comedy movie. The Blues Brothers
34%
Spielberg produced both Twister movies. Twister
34%
Spielberg has produced all of the Transformers movies since the 2007 adaptation. Transformers (2007)
27%
Spielberg co-directed one scene in the film with Martin Scorsese. The Wolf of Wall Street
22%
Spielberg co-directed one scene in the film with George Lucas (one of the scenes on Mustafar). Revenge of the Sith
21%
Spielberg co-founded DreamWorks Pictures and DreamWorks Animation with Jeffrey Katzenberg. Shrek is one of the few DreamWorks Animation films he actually produced. Shrek
17%
Spielberg directed one scene in the film. Scarface
13%
No matching quizzes found
Score Distribution
Percent of People with Each Score
Percentile by Number Answered
Your Score History
You have not taken this quiz since the last reset